1179 1235 1555 1487 1906 1777 1677 1245 1121 1643 1592 1698 1336 1755 1171 1474 1817 1446 1181 1679 1078 1854 1126 1774 1476 1663 1842 1044 1660 1539 1264 1181 1722 1452 1561 1989 1587 1394 1941 1961 1585 1486 1985 1606 1329 1475 1157 1675 1282 1782 1258 1483 1613 1559 1046 1971 1143 1058 1987 1772 1810 1911 1902 1847 1713 1027 1399 1816 1388 1566 1895 1065 1994 1164 1789 1296 1182 1565 1792 1268 1039 1475 1807 1451 1666 1630 1554 1598 1820 1527 1699 1205 1029 1965 1181 1325 1529 1659 1092 BCNSPRNW ULIB Ver.6.0+V

เปลี่ยนเป็นภาษาไทย

Change to English
 แสดงรายละเอียดบรรณานุกรม
  กลับหน้าหลัก

Brief Record : Get Marc (ISO 2709) : E-mail record : QR code < ปิดหน้าต่าง
LEADER : 00000nam 2200000uu 4500
001    13399124223
003     ULIB
008    150202s2003||||th 000 0 tha d
020    9780439567619
099    นง.^bR884H
100 0  Rowling, J.K.
245 00 Harry Potter and the order or the phoenix/^cRowling, J.K.
260    New York:^bArthur A Levene book,^c2003
300    870 page
945    ^p0^l0^i021844
999    ^aเกษร โพธิ์สุวรรณ
รายการนี้ยังไม่มีแท็ก
คุณยังไม่ได้ล็อกอิน คุณสามารถมีกิจกรรมร่วมกับเว็บไซต์ได้ แต่ต้องล็อกอินก่อน ::
  ล็อกอิน

รายการสื่อสารสนเทศ

ลำดับที่ ประเภท เลขเรียก/บาร์โค้ด สถานที่ สถานะ
1. นวนิยาย
นวนิยาย
นง. R884H ฉ.1 
  Barcode: 021844
ห้องสมุดวิทยาเขตนครสวรรค์
►นวนิยาย:l:Fiction
บนชั้น

BibComment


ยังไม่เคยถูกคอมเมนท์

คอมเมนท์ทรัพยากรรายการนี้
  คอมเมนท์: Harry Potter and ..


 Copyright 2026. Bcnsprnw @Library